LEADER 01269nam--2200397---450- 001 990003379910203316 005 20100317103630.0 010 $a978-88-6132-584-5 035 $a000337991 035 $aUSA01000337991 035 $a(ALEPH)000337991USA01 035 $a000337991 100 $a20100317d2010----km-y0enga50------ba 101 0 $aita 102 $aIT 105 $ay|||z|||001yy 200 1 $aCodice amministrativo$eaggiornato con la riforma del pubblico impiego (D.Lvo 27 ottobre 2009, n. 150)$fa cura di Francesco Bartolini 210 $aPiacenza$cLa Tribuna$d2010 215 $a1048 p.$d20 cm 225 2 $aTribuna pocket 410 0$12001$aTribuna pocket 606 0 $aAmministrazione pubblica$yItalia$xLegislazione 676 $a342.450602632 702 1$aBARTOLINI,$bFrancesco$f<1942- > 710 01$aITALIA$0423419 801 0$aIT$bsalbc$gISBD 912 $a990003379910203316 951 $aXXIV.3.A. 432$b66860 G.$cXXIV.3.A.$d00256577 959 $aBK 969 $aGIU 979 $aFIORELLA$b90$c20100317$lUSA01$h1017 979 $aFIORELLA$b90$c20100317$lUSA01$h1022 979 $aFIORELLA$b90$c20100317$lUSA01$h1035 979 $aFIORELLA$b90$c20100317$lUSA01$h1036 996 $aCodice amministrativo$9168058 997 $aUNISA LEADER 01483cam0-22003731i-450 001 990008609060403321 005 20251021134456.0 035 $a000860906 035 $aFED01000860906 035 $a(Aleph)000860906FED01 035 $a000860906 100 $a20080201e19711601km-y0itay50------ba 101 0 $alat 102 $aIT 105 $ay-------001yy 200 1 $aOpera omnia$fJoannes Picus Mirandulanus$gcon una premessa di Eugenio Garin 205 $aRist. anastatica dell'ed. 1601 210 $aTorino$cBottega d'Erasmo$d1962 215 $a2 v. (VIII, 719, [ 10]; 638 p.)$d34 cm 225 1 $aMonumenta politica et philosophica rariora$iSer. I$v12$v13 324 $aRipr. facs. dell'ed.: Basileae : ex officina Henricpetrina, 1601 327 1 $a1.: Scripta in editione Basilensi anno MDLXXII collecta$a2.: De rebus a Ferdinando gestis, De mysterio Eucharistiae, Opuscola quaedam (1503), Oratio in principio sui studii, De professione religiosorum, Prefatio in Demosthenem, Encomium S. Thomae, Oratio ad Alphonsum ergem, Epistulae et documenta 676 $a189$v21 676 $a878.0409 700 1$aPico della Mirandola,$bGiovanni$f<1463-1494>$0280545 702 1$aGarin,$bEugenio$f<1909-2004> 801 0$aIT$bUNINA$gRICA$2UNIMARC 901 $aBK 912 $a990008609060403321 952 $a191.12 PICO 7 (1)$bBIBL.46119$fFLFBC 952 $a191.12 PICO 7 (2)$bBIBL.47233$fFLFBC 959 $aFLFBC 996 $aOpera Omnia$9149484 997 $aUNINA LEADER 00999nam0-2200349 --450 001 9910750200403321 005 20260210141459.0 010 $a978-88-08-62011-8 100 $a20231107d2021----kmuy0itay5050 ba 101 0 $aita 102 $aIT 105 $aa 001yy 200 1 $aEpigenetica$fMassimo Romani 210 $aBologna$cZanichelli$d2021 215 $aXII, 260 p.$cill.$d27 cm 225 1 $aBiologia 300 $aEbook scaricabile gratuitamente con l'acquisto del libro 610 0 $aEpigenetica 676 $a572.865$v23$zita 676 $a576.5$v22$zita 700 1$aRomani,$bMassimo$01273898 801 0$aIT$bUNINA$gREICAT$2UNIMARC 901 $aBK 912 $a9910750200403321 952 $a572.865 ROMM 2021$b318/2023$fFAGBC 952 $a572.865 ROMM 2021 BIS$b319/2023$fFAGBC 952 $a572.865 ROMM 2021 TER$b320/2023$fFAGBC 952 $a576.5-ROM-1$b372/2025$fSC1 959 $aFAGBC 959 $aSC1 996 $aEpigenetica$93001893 997 $aUNINA